Responses for Show #6499 - Thursday, December 13, 2012

Contestants

[<< previous game]

John McGee, a training specialist from Dallas, Texas

Judy Strong, a social worker from Bellevue, Washington

Alistair Bell, a computer chip designer from Berlin, Massachusetts (whose 1-day cash winnings total $13,200)

[next game >>]

Jeopardy! Round responses

LITERARY RELATIONS
HODGEPODGE
ORDINAL NUMBER PHRASES
I'M GAME
PORT
STAR BOARDS
    $200 2
Eliza Doolittle

Judy
    $200 7
JetBlue

John
    $200 1
the third degree

Judy
    $200 26
a TV show

Alistair
    $200 8
Acapulco

John
    $200 9
(John: Who is Bob Hope?)

Orson Welles

JudyJohn
    $400 3
Ophelia

Judy
    $400 10
Syria

Triple Stumper
    $400 17
first lieutenant

Alistair
    $400 27
freeze tag

John
    $400 13
Southampton

John
    $400 15
Led Zeppelin

John
    $600 4
grandfather

Judy
    $600 11
(Alex: And that would be [*]. Alistair, I'm surprised you didn't ring in on that one.)

Big Ben

Triple Stumper
    $600 18
fifth wheel

John
    $600 28
flag football

Judy
    $600 14
Cuba

Judy
    $600 20
(Judy: Who is... oh, I'm blanking.)

Joan Crawford

JudyJohn
    $800 5
(Judy: What is Lady Chatterley's Lover?)

Sons and Lovers

Judy
Triple Stumper
    $800 12
a nymph

John
    $800 24
second fiddle

Alistair
    $800 29
Mad Libs

John
    $800 16
(Judy: What is Fiji?)

Tahiti

AlistairJudy
    $800 21
Laurence Olivier

Judy
    $1,000 6
(Judy: [exhaling slowly] I don't know.)
...
(Alex: The play is Death of a Salesman, and the last name is [*].
Dad, Willy [*].
All right. You're at minus 400. Still early. Go again.)

Loman

Judy
    $1000 23
Easter Island (or Rapa Nui)

Alistair
    $1000 25
sixth man award

John
    $1000 30
(Alex: We've had a few English clues that seem to be coincidentally helping you out.)

Cluedo

Alistair
    $1000 19
Yokohama

John
    $1000 22
Mel Ferrer

Triple Stumper

Scores at the first commercial break (after clue 14):

Alistair Judy John
$0 $400 $1,400

Scores at the end of the Jeopardy! Round:

Alistair Judy John
$4,200 $400 $6,200

Double Jeopardy! Round responses

COMPOSERS
GERMAN "E"
GEOGRAPHIC PHRASES
18th CENTURY TECHNOLOGY
POLITICAL MEMOIRS
(Alex: And in honor of a re-launch of some of Marvel's most popular characters...)
MARVEL NOW!
    $400 1
Gershwin

John
    $400 2
Einstein

John
    $400 3
the deep blue sea

Alistair
    $400 16
a spinning jenny

Alistair
    $400 21
Reagan

Judy
    $400 26
the Hulk

John
    $800 4
(John: Who is Strauss?)
...
(Alex: Famous Polish pianist [*].)

Chopin

John
Triple Stumper
    $800 10
elf

Alistair
    $800 6
crossroads

Judy
    $800 17
Ben Franklin

John
    $800 22
James Carville and Mary Matalin

Alistair
    $800 30
The Fantastic Four

Alistair
    $1200 5
(George Frideric) Handel

Triple Stumper
    $1200 11
edelweiss

John
    $1200 7
no man's land

Alistair
    $1200 18
James Watt

Alistair
    $2,000 23
George Stephanopoulos

Alistair
    $1200 29
Tony Stark

Alistair
    $1600 14
Brahms

Judy
    $1600 12
Essen

Judy
    $1600 8
the great divide

Triple Stumper
    $2,000 19
a tuning fork

Alistair
    $1600 24
(John: Who is Shultz?)

James Baker

AlistairJohn
    $1600 28
(Alistair: What is Valhalla?)
...
(Alex: Visiting [*]. Valhalla is the room where they were greeted.)

Asgard

Alistair
Triple Stumper
    $2000 15
Smetana

Alistair
    $2000 13
ersatz

John
    $2000 9
a hill

Judy
    $2000 20
sextant

Alistair
    $2000 25
(Judy: Who is Broder?)

(David) Gergen

JudyJohn
    $2000 27
Deadpool

Triple Stumper

Scores at the end of the Double Jeopardy! Round:

Alistair Judy John
$19,000 $4,800 $11,000

[wagering suggestions for these scores]

Final Jeopardy! Round responses

OLYMPIC GOLD MEDALISTS
(Alex: In fact, he was the first athlete ever to win five Olympic gold medals.)
...
(Alex: Who is--Judy was closest. She was on the right track. It's [*]. [*], the speed skater. I'm sure you were thinking of him. You didn't come up with the right name.)
JudyWho is Eric Hansen
$2,800
JohnWho was Smith?
$9,001
AlistairWho is ?
$3,001
Eric Heiden

Final scores:

Alistair Judy John
$15,999 $2,000 $1,999
2-day champion: $29,199 2nd place: $2,000 3rd place: $1,000

Game dynamics:

Coryat scores:

Alistair Judy John
$17,800 $5,800 $11,000
19 R
(including 2 DDs),
1 W
13 R,
5 W
(including 1 DD)
18 R,
3 W

Combined Coryat: $34,600

[game clues] [game scores] [suggest correction]

Game tape date: 2012-09-04
The J! Archive is created by fans, for fans. Scraping, republication, monetization, and malicious use prohibited; this site may use cookies and collect identifying information. See terms. The Jeopardy! game show and all elements thereof, including but not limited to copyright and trademark thereto, are the property of Jeopardy Productions, Inc. and are protected under law. This website is not affiliated with, sponsored by, or operated by Jeopardy Productions, Inc. Join the discussion at JBoard.tv.